[Event "C.to Regionale Piemonte"]
[Site "Torino ITA"]
[Date "2008.04.21"]
[Round "2"]
[White "Militello, Michele"]
[Black "Trusso Cafarello, Sebastiano"]
[Result "1-0"]
[WhiteElo "1893"]
[BlackElo "1521"]
[PlyCount "59"]
[EventDate "2008.04.20"]

1. d4 e6 2. c4 Nf6 3. Nf3 Be7 4. Bg5 O-O 5. Nc3 c5 6. e3 cxd4 7. exd4 b6 8. Bd3
Bb7 9. Qe2 Re8 10. O-O d5 11. Bxf6 Bxf6 12. cxd5 exd5 13. Ne5 Bxe5 14. dxe5 Nc6
15. f4 f6 16. Qh5 g6 17. Bxg6 hxg6 18. Qxg6+ Kf8 19. exf6 Qd7 20. Qh6+ Kg8 21.
Rf3 Kf7 22. Qh7+ Ke6 23. Re3+ Kd6 24. Nb5+ Kc5 25. Qxd7 Rxe3 26. Qxb7 Rb8 27.
Rc1+ Kxb5 28. Qxc6+ Ka6 29. Rc3 Rxc3 30. Qxc3 1-0

[Event "C.to Regionale Piemonte"]
[Site "Torino ITA"]
[Date "2008.04.21"]
[Round "2"]
[White "Moncelli, Giorgio"]
[Black "Malano, Francesco"]
[Result "1-0"]
[WhiteElo "2099"]
[BlackElo "1939"]
[PlyCount "73"]
[EventDate "2008.04.20"]

1. c4 Nf6 2. Nf3 b6 3. g3 Bb7 4. Bg2 e6 5. O-O Be7 6. b3 O-O 7. Bb2 d5 8. d4
dxc4 9. bxc4 Nbd7 10. Nc3 Ne4 11. Qc2 Nxc3 12. Bxc3 Nf6 13. Rad1 Be4 14. Qc1 c6
15. Qf4 Rc8 16. Ne1 Qc7 17. Qxc7 Rxc7 18. f3 Bg6 19. e4 Rd8 20. Nd3 c5 21. d5
exd5 22. cxd5 Ne8 23. Ne5 Bf8 24. Nc6 Ra8 25. Be5 Bd6 26. Bxd6 Nxd6 27. e5 Nf5
28. f4 Ne3 29. d6 Rxc6 30. Bxc6 Rd8 31. g4 Nxd1 32. Rxd1 Bc2 33. Rd2 Bb1 34. f5
h5 35. e6 fxe6 36. fxe6 Bg6 37. e7 1-0

[Event "C.to Regionale Piemonte"]
[Site "Torino ITA"]
[Date "2008.04.21"]
[Round "2"]
[White "Quagliana, Giuseppe"]
[Black "Cavaliere, Simone"]
[Result "1/2-1/2"]
[WhiteElo "2071"]
[BlackElo "1895"]
[PlyCount "120"]
[EventDate "2008.04.20"]

1. d4 Nf6 2. Bf4 e6 3. e3 b6 4. Nf3 Bb7 5. Bd3 Be7 6. h3 O-O 7. O-O d5 8. Ne5
c5 9. c3 Nbd7 10. Nd2 Ne4 11. Qe2 Nxe5 12. Bxe5 Bd6 13. Bxd6 Qxd6 14. Bxe4 dxe4
15. dxc5 bxc5 16. Rfd1 Qc6 17. Qg4 c4 18. f3 Qc5 19. Nxe4 Qxe3+ 20. Nf2 Bd5 21.
Qd4 Qg5 22. Ne4 Qg6 23. Qe3 Rab8 24. Rd2 Rb6 25. Nf2 Rfb8 26. Nd1 h6 27. Qf2
Bb7 28. Ne3 Ba6 29. Rad1 Kh7 30. Ng4 Qg5 31. f4 Qh5 32. Re1 f6 33. Qe2 Qf7 34.
Red1 R8b7 35. Nh2 Qc7 36. Qe4+ f5 37. Qe2 Qxf4 38. Nf3 Qb8 39. Rd8 Qc7 40. Ng5+
Kg6 41. Nxe6 Qe7 42. Nf8+ Kg5 43. h4+ Kf6 44. Qh5 Qf7 45. R8d6+ Rxd6 46. Rxd6+
Ke7 47. Rd7+ Rxd7 48. Qxf7+ Kxf7 49. Nxd7 Ke7 50. Ne5 Kd6 51. Nf3 Bb5 52. Nd4
Bd7 53. Kf2 Ke5 54. g3 Ke4 55. Ke2 g5 56. hxg5 hxg5 57. b3 cxb3 58. axb3 f4 59.
gxf4 gxf4 60. b4 Bg4+ 1/2-1/2

[Event "C.to Regionale Piemonte"]
[Site "Torino ITA"]
[Date "2008.04.21"]
[Round "2"]
[White "Rasulo, Stefano"]
[Black "Tallarico, Pierfrancesco"]
[Result "1/2-1/2"]
[WhiteElo "1614"]
[BlackElo "1882"]
[PlyCount "103"]
[EventDate "2008.04.20"]

1. e4 e6 2. d4 d5 3. exd5 exd5 4. Bd3 Nc6 5. c3 Bd6 6. Nf3 Nge7 7. Bg5 f6 8.
Bh4 Bg4 9. Nbd2 Qd7 10. Qc2 Qe6+ 11. Be2 Bf5 12. Qd1 Bd3 13. Nf1 Bxe2 14. Qxe2
Qxe2+ 15. Kxe2 Ng6 16. Bg3 Nf4+ 17. Bxf4 Bxf4 18. Ne3 Ne7 19. Rae1 Kf7 20. Kd3
Rhd8 21. Nh4 g6 22. g3 Bd6 23. Re2 c5 24. Nf3 a5 25. dxc5 Bxc5 26. Nd4 Nc6 27.
Nec2 Ne5+ 28. Kd2 Ra6 29. Rhe1 Rdd6 30. f4 Nc4+ 31. Kc1 Rdb6 32. b3 Na3 33.
Nxa3 Bxa3+ 34. Kc2 Bf8 35. a4 Rd6 36. Re8 Rd7 37. Rxf8+ Kxf8 38. Ne6+ Kf7 39.
Nc5 Rdd6 40. Nxa6 Rxa6 41. g4 Re6 42. Rxe6 Kxe6 43. Kd3 g5 44. fxg5 fxg5 45.
Kd4 Kd6 46. h3 h6 47. b4 b6 48. bxa5 bxa5 49. c4 dxc4 50. Kxc4 Kc6 51. Kd4 Kd6
52. Kc4 1/2-1/2

[Event "C.to Regionale Piemonte"]
[Site "Torino ITA"]
[Date "2008.04.21"]
[Round "2"]
[White "Saccona, Silvano"]
[Black "Giacomasso, Enrico"]
[Result "1/2-1/2"]
[WhiteElo "2178"]
[BlackElo "1970"]
[PlyCount "43"]
[EventDate "2008.04.20"]

1. d4 Nf6 2. Bf4 c6 3. c3 d5 4. Nf3 Bf5 5. Nbd2 Nbd7 6. e3 Qb6 7. Qb3 e6 8. Nh4
Ne4 9. Nxf5 exf5 10. Bd3 Be7 11. f3 Nxd2 12. Kxd2 Qxb3 13. axb3 g6 14. b4 O-O
15. h4 a6 16. h5 Nf6 17. Rh3 Nxh5 18. Bh6 Ng7 19. Rah1 Rfe8 20. g4 fxg4 21.
fxg4 Ne6 22. Bf4 1/2-1/2

[Event "C.to Regionale Piemonte"]
[Site "Torino ITA"]
[Date "2008.04.21"]
[Round "2"]
[White "Sola, Giuseppe"]
[Black "Barletta, Mauro"]
[Result "0-1"]
[WhiteElo "1989"]
[BlackElo "2205"]
[PlyCount "72"]
[EventDate "2008.04.20"]

1. e4 c6 2. d4 d5 3. exd5 cxd5 4. Bd3 Nc6 5. c3 Nf6 6. Nf3 Bg4 7. Nbd2 e6 8.
Qa4 Qc7 9. Ne5 Bd6 10. Nxg4 Nxg4 11. h3 Nf6 12. Nf3 h6 13. Be3 O-O 14. O-O Rfc8
15. Nd2 Nh5 16. Rae1 a6 17. Qd1 Nf4 18. Bb1 b5 19. Qg4 b4 20. g3 f5 21. Qh4 Ng6
22. Qh5 Qf7 23. f4 bxc3 24. bxc3 Nce7 25. Rc1 Ba3 26. Rc2 Rab8 27. c4 dxc4 28.
Nxc4 Nd5 29. Nxa3 Nxe3 30. Rxc8+ Rxc8 31. Re1 Rc3 32. Nc2 Nxc2 33. Rc1 Rxg3+
34. Kh2 Rg2+ 35. Kh1 Qb7 36. Rf1 Rf2+ 0-1

[Event "C.to Regionale Piemonte"]
[Site "Torino ITA"]
[Date "2008.04.21"]
[Round "2"]
[White "Sorcinelli, Francesco"]
[Black "Angioni, Gian Carlo"]
[Result "1-0"]
[WhiteElo "2078"]
[BlackElo "1825"]
[PlyCount "73"]
[EventDate "2008.04.20"]

1. Nf3 Nf6 2. c4 c5 3. Nc3 Nc6 4. g3 g6 5. Bg2 Bg7 6. O-O O-O 7. d4 cxd4 8.
Nxd4 Nxd4 9. Qxd4 d6 10. Qd3 Rb8 11. b3 Qa5 12. Bb2 Re8 13. Rac1 Bd7 14. Rfd1
Bc6 15. e4 Ng4 16. h3 Ne5 17. Qb1 Rbd8 18. Qa1 Nd7 19. Rc2 a6 20. a3 b5 21. b4
Qb6 22. cxb5 axb5 23. Nd5 Bxb2 24. Qxb2 Qb7 25. Qd4 Ra8 26. Qe3 Ra6 27. Bf1 e6
28. Nc3 Rxa3 29. Rxd6 Ne5 30. Qf4 Nc4 31. Nxb5 Bxb5 32. Bxc4 Ra1+ 33. Kh2 Bxc4
34. Rxc4 Qb5 35. Rc7 f5 36. Rdd7 Qxd7 37. Rxd7 1-0

[Event "C.to Regionale Piemonte"]
[Site "Torino ITA"]
[Date "2008.04.21"]
[Round "2"]
[White "Sorgi, Paolo"]
[Black "Parodi, Alessandro"]
[Result "0-1"]
[WhiteElo "1922"]
[BlackElo "2041"]
[PlyCount "92"]
[EventDate "2008.04.20"]

1. e4 d6 2. d4 Nf6 3. Nc3 g6 4. Be3 Bg7 5. f3 c6 6. Qd2 h5 7. h4 b5 8. Bd3 Qa5
9. Nh3 Nbd7 10. Ng5 e5 11. d5 cxd5 12. Nxb5 Qxd2+ 13. Bxd2 Ke7 14. Nxd6 dxe4
15. Ndxe4 Rb8 16. Bc4 Nxe4 17. fxe4 f6 18. O-O Nc5 19. b4 Rd8 20. Rad1 Rd4 21.
Bd5 Nxe4 22. Bxe4 Bg4 23. Bf3 fxg5 24. Bxg5+ Ke6 25. Rxd4 exd4 26. Re1+ Kf5 27.
Be4+ Ke6 28. Bxg6+ Kd5 29. Bf7+ Kc6 30. a3 Bf5 31. Bb3 Rb7 32. Bd2 Rc7 33. Bf4
Rb7 34. Be5 Re7 35. Bg3 Rb7 36. Bf2 Kb5 37. Re2 a5 38. a4+ Kxb4 39. Be1+ Kc5
40. Rf2 Bg6 41. Bxa5 d3 42. Rf4 Bd4+ 43. Rxd4 Kxd4 44. c3+ Ke3 45. Bb4 Ke2 46.
Bc4 Bf7 0-1

[Event "C.to Regionale Piemonte"]
[Site "Torino ITA"]
[Date "2008.04.21"]
[Round "2"]
[White "Termini, Luigi Robert"]
[Black "Gussone, Claudio"]
[Result "0-1"]
[WhiteElo "1459"]
[BlackElo "1853"]
[PlyCount "62"]
[EventDate "2008.04.20"]

1. c4 Nf6 2. Nc3 g6 3. e4 d6 4. Nf3 c5 5. Be2 Bg7 6. Rb1 Nc6 7. d4 cxd4 8. Nxd4
Nxe4 9. Nxc6 Nxc3 10. Nxd8 Nxd1 11. Bxd1 Kxd8 12. Bc2 Be6 13. b3 Bc3+ 14. Bd2
Bxd2+ 15. Kxd2 Kd7 16. Be4 Rab8 17. Rhe1 b5 18. Bd5 Bxd5 19. cxd5 Rbc8 20. Rbc1
Rc5 21. Rxc5 dxc5 22. Kd3 Kd6 23. Ke4 Re8 24. Rd1 Rc8 25. g4 c4 26. Rc1 c3 27.
a3 a5 28. f4 b4 29. a4 Rc5 30. Rd1 f5+ 31. gxf5 gxf5+ 0-1

[Event "C.to Regionale Piemonte"]
[Site "Torino ITA"]
[Date "2008.04.21"]
[Round "2"]
[White "Torrione, William"]
[Black "Pitrola, Carlo"]
[Result "0-1"]
[WhiteElo "1935"]
[BlackElo "1827"]
[PlyCount "84"]
[EventDate "2008.04.20"]

1. d4 d5 2. c4 c6 3. g3 Nf6 4. Bg2 e6 5. Nf3 Bd6 6. O-O O-O 7. Nbd2 Nbd7 8. Qc2
Re8 9. e4 dxe4 10. Ng5 e5 11. Ndxe4 Bf8 12. Rd1 exd4 13. Rxd4 g6 14. Nd6 Bxd6
15. Rxd6 Qe7 16. Rd1 Nc5 17. Bf4 Bf5 18. Qc3 Nfe4 19. Nxe4 Nxe4 20. Qd4 Rad8
21. Qxa7 Rxd1+ 22. Rxd1 Nc5 23. Qa5 Nd3 24. Qd2 Nxb2 25. Rc1 Nd3 26. Rf1 Qe2
27. Qxe2 Rxe2 28. Be3 Rxa2 29. Rb1 Rb2 30. Ra1 Rb4 31. c5 Ne5 32. Rc1 Rb1 33.
Rxb1 Bxb1 34. Bh3 f5 35. f4 Nf3+ 36. Kh1 Ne1 37. Bg2 Be4 38. Bxe4 fxe4 39. Kg1
Kf7 40. Kf2 Nd3+ 41. Ke2 Ke6 42. g4 Kd5 0-1

[Event "C.to Regionale Piemonte"]
[Site "Torino ITA"]
[Date "2008.04.21"]
[Round "2"]
[White "Zunino, Davide"]
[Black "Marvin, Elio"]
[Result "1-0"]
[WhiteElo "1986"]
[BlackElo "1822"]
[PlyCount "53"]
[EventDate "2008.04.20"]

1. d4 d5 2. Nf3 e6 3. e3 Nf6 4. Bd3 c5 5. b3 Nc6 6. O-O cxd4 7. exd4 Be7 8. Bb2
O-O 9. Nbd2 Nb4 10. Be2 Qc7 11. c3 Nc6 12. Bd3 Bd6 13. c4 b6 14. Rc1 Bf4 15.
cxd5 exd5 16. Bb5 Bb7 17. Ne5 Bxe5 18. dxe5 Nd7 19. f4 a6 20. Bd3 Rfe8 21. Qh5
g6 22. Qh6 Nf8 23. Nf3 Qd7 24. Ng5 Qe7 25. f5 gxf5 26. Bxf5 Nxe5 27. Bxh7+ 1-0

[Event "C.to Regionale Piemonte"]
[Site "Torino ITA"]
[Date "2008.04.22"]
[Round "3"]
[White "Angioni, Gian Carlo"]
[Black "Quagliana, Giuseppe"]
[Result "0-1"]
[WhiteElo "1825"]
[BlackElo "2071"]
[PlyCount "130"]
[EventDate "2008.04.20"]

1. e4 e6 2. d4 d5 3. Nd2 Nf6 4. e5 Nfd7 5. Bd3 c5 6. c3 Nc6 7. Ne2 a5 8. O-O a4
9. f4 g6 10. Nf3 cxd4 11. cxd4 Nb4 12. Bb1 Nb6 13. Kh1 Bd7 14. Nc3 Nc6 15. g4
h5 16. g5 Na5 17. Nh4 Qc7 18. Nxg6 fxg6 19. Bxg6+ Kd8 20. f5 Qc4 21. fxe6 Bxe6
22. Be3 a3 23. Bd3 Qc8 24. Nb5 axb2 25. Rb1 Nac4 26. Qf3 Be7 27. Nd6 Qd7 28. g6
Ra3 29. g7 Rg8 30. Bh6 Kc7 31. Qe2 Bh3 32. Rf7 Be6 33. Rf2 Rxa2 34. Bh7 Ra1 35.
Rff1 Rxb1 36. Bxb1 Ra8 37. Qc2 Na4 38. Qb3 Nab6 39. Nb5+ Kc6 40. Nd6 Ra1 41.
Qb5+ Kc7 42. Qb3 Qa4 43. Qg3 Bg8 44. Qg6 Bxd6 45. exd6+ Nxd6 46. Bf4 Nbc8 47.
Be5 Kc6 48. Qd3 Qc4 49. Qd1 Bh7 50. g8=Q Bxg8 51. Bxd6 Nxd6 52. Rf2 Qc1 53.
Rc2+ Nc4 54. Rxc1 bxc1=Q 55. Qxc1 Be6 56. Qc2 b5 57. Kg2 Bf5 58. Qf2 Rxb1 59.
Kg3 Nd6 60. Kf4 b4 61. Ke5 b3 62. Qg2 Re1+ 63. Kf4 Re4+ 64. Kf3 Bg4+ 65. Kg3
Nf5+ 0-1

[Event "C.to Regionale Piemonte"]
[Site "Torino ITA"]
[Date "2008.04.22"]
[Round "3"]
[White "Barletta, Mauro"]
[Black "Sorcinelli, Francesco"]
[Result "0-1"]
[WhiteElo "2205"]
[BlackElo "2078"]
[PlyCount "76"]
[EventDate "2008.04.20"]

1. e4 c5 2. Nf3 d6 3. g3 Nc6 4. Bg2 Nf6 5. d3 g6 6. O-O Bg7 7. Nc3 O-O 8. h3
Rb8 9. a4 Nd7 10. Bg5 h6 11. Be3 Nd4 12. Nh4 a6 13. f4 b5 14. axb5 axb5 15. Rb1
b4 16. Ne2 b3 17. c3 Nc2 18. Bf2 e6 19. Nf3 d5 20. exd5 exd5 21. Ne1 Nxe1 22.
Rxe1 d4 23. cxd4 cxd4 24. Nxd4 Bxd4 25. Bxd4 Bb7 26. Bxb7 Rxb7 27. Qe2 Rb5 28.
Rbc1 Rd5 29. Qe4 Nb6 30. Bc5 Rxd3 31. Bxf8 Rxg3+ 32. Kh2 Qh4 33. Qg2 Rxg2+ 34.
Kxg2 Kxf8 35. Re4 Qd8 36. Rce1 Qd5 37. Kf2 Nc4 38. R1e2 Nxb2 0-1

[Event "C.to Regionale Piemonte"]
[Site "Torino ITA"]
[Date "2008.04.22"]
[Round "3"]
[White "Berutti, Mario"]
[Black "Torrione, William"]
[Result "0-1"]
[WhiteElo "1757"]
[BlackElo "1935"]
[PlyCount "80"]
[EventDate "2008.04.20"]

1. e4 e5 2. Nc3 Nf6 3. f4 d5 4. fxe5 Nxe4 5. Nf3 Be7 6. d4 Bg4 7. Bd3 f5 8. O-O
O-O 9. Qe1 c5 10. Ne2 c4 11. Bxe4 dxe4 12. Qc3 exf3 13. Qxc4+ Kh8 14. Nf4 fxg2
15. Kxg2 Qc8 16. Qb3 g5 17. Ne6 Qc6+ 18. d5 Qa6 19. Bd2 Rc8 20. Rae1 Nd7 21. d6
Qc6+ 22. Kg1 Bd8 23. Nxd8 Rxd8 24. Bc3 Kg7 25. e6+ Nf6 26. d7 Kg6 27. Bxf6 Kxf6
28. Qc3+ Qxc3 29. bxc3 Ke7 30. Kg2 f4 31. Re5 Bxe6 32. Rfe1 Rxd7 33. Rxe6+ Kf7
34. Kf3 Rc8 35. Kg4 Rxc3 36. Kxg5 Rxc2 37. Rf6+ Kg7 38. Rxf4 Rxa2 39. h4 Rg2+
40. Kf5 Rf7+ 0-1

[Event "C.to Regionale Piemonte"]
[Site "Torino ITA"]
[Date "2008.04.22"]
[Round "3"]
[White "Carnino, Luca"]
[Black "Saccona, Silvano"]
[Result "0-1"]
[WhiteElo "1849"]
[BlackElo "2178"]
[PlyCount "60"]
[EventDate "2008.04.20"]

1. e4 c6 2. d4 d5 3. exd5 Qxd5 4. Nc3 Qa5 5. Bd3 Nf6 6. Nf3 Bg4 7. O-O Nbd7 8.
Bf4 e6 9. h3 Bh5 10. Be2 Be7 11. Ne5 Bxe2 12. Qxe2 Nxe5 13. Bxe5 O-O 14. Ne4
Qd8 15. Rad1 Qd5 16. Nc3 Qa5 17. a3 Rfd8 18. Rd3 Nd7 19. Bh2 Nf8 20. Rfd1 Ng6
21. Re3 Bg5 22. Re4 Bf6 23. Qe3 Rd7 24. Ne2 Qb6 25. Qc1 Rad8 26. c3 Qb3 27. Re1
c5 28. Qd2 cxd4 29. Nxd4 Qb6 30. Rd1 e5 0-1

[Event "C.to Regionale Piemonte"]
[Site "Torino ITA"]
[Date "2008.04.22"]
[Round "3"]
[White "Cavaliere, Simone"]
[Black "Di Chiara, Mauro"]
[Result "0-1"]
[WhiteElo "1895"]
[BlackElo "1823"]
[PlyCount "90"]
[EventDate "2008.04.20"]

1. e4 c5 2. Nf3 Nc6 3. d4 cxd4 4. Nxd4 Nf6 5. Nc3 e5 6. Ndb5 d6 7. Bg5 a6 8.
Na3 b5 9. Nd5 Be7 10. Bxf6 gxf6 11. Bd3 Be6 12. Qh5 Bxd5 13. exd5 Qa5+ 14. Kf1
Qb4 15. dxc6 Qxb2 16. Rd1 Qxa3 17. Qf5 Qxa2 18. Qd7+ Kf8 19. c7 Qe6 20. Bf5
Qxd7 21. Bxd7 Kg7 22. Rd3 b4 23. Ke2 Rhc8 24. Bxc8 Rxc8 25. c3 Rxc7 26. cxb4
Rc2+ 27. Rd2 Rc4 28. Ra1 Rxb4 29. Rxa6 f5 30. Ra7 Re4+ 31. Kf1 Kf6 32. g3 Rc4
33. Ra5 e4 34. Rad5 Ke6 35. Ke2 h5 36. h4 Rc5 37. Rxc5 dxc5 38. Ke3 Bf6 39. Kf4
c4 40. f3 Be5+ 41. Ke3 c3 42. Rg2 exf3 43. Kxf3 Kd5 44. Ke3 Kc4 45. Kf2 Bd4+
0-1

[Event "C.to Regionale Piemonte"]
[Site "Torino ITA"]
[Date "2008.04.22"]
[Round "3"]
[White "Fittante, Giuliana"]
[Black "Ferretti, Carlo"]
[Result "0-1"]
[WhiteElo "1854"]
[BlackElo "1963"]
[PlyCount "56"]
[EventDate "2008.04.20"]

1. d4 Nf6 2. Nf3 e6 3. Bg5 Be7 4. e3 d5 5. Bd3 Ne4 6. Bxe7 Qxe7 7. O-O f5 8. c4
Nd7 9. Nc3 c6 10. Rc1 O-O 11. a3 Nb6 12. Ne5 Nd7 13. Nxd7 Bxd7 14. Qe2 Kh8 15.
f3 Nxc3 16. Rxc3 dxc4 17. Rxc4 e5 18. dxe5 Qxe5 19. Rfc1 Rae8 20. e4 Be6 21.
Rb4 Bc8 22. Qf2 Rd8 23. Bb1 f4 24. Ba2 Rd6 25. Rbc4 Rfd8 26. Qxa7 Qxb2 27. R4c2
Rd1+ 28. Kf2 R8d2+ 0-1

[Event "C.to Regionale Piemonte"]
[Site "Torino ITA"]
[Date "2008.04.22"]
[Round "3"]
[White "Fortino, Fabrizio"]
[Black "Parodi, Alessandro"]
[Result "1-0"]
[WhiteElo "2079"]
[BlackElo "2041"]
[PlyCount "97"]
[EventDate "2008.04.20"]

1. c4 g6 2. Nc3 Bg7 3. g3 e5 4. Bg2 d6 5. d3 f5 6. e4 Nf6 7. Nge2 Nbd7 8. O-O
a5 9. Rb1 Nc5 10. h3 c6 11. Be3 O-O 12. Qd2 Be6 13. b3 Nh5 14. exf5 gxf5 15. f4
Nd7 16. Kh2 Kh8 17. d4 e4 18. d5 cxd5 19. Nxd5 Nc5 20. Rbd1 Ra6 21. Rg1 Nd3 22.
Nc1 Bxd5 23. Nxd3 Be6 24. Ne1 Rg8 25. Bf1 d5 26. c5 Ra8 27. Nc2 Qe7 28. Be2 Nf6
29. Nd4 Bd7 30. Rc1 Qf7 31. a3 Bf8 32. b4 axb4 33. axb4 Rc8 34. Nb3 h5 35. Bd4
Bg7 36. Qe3 Qe8 37. Na5 Bb5 38. Nxb7 Bxe2 39. Qxe2 Ng4+ 40. hxg4 Bxd4 41. Rgd1
hxg4 42. Kg2 Qf7 43. Nd6 Qf6 44. Rh1+ Kg7 45. Qd2 Rb8 46. Rh5 Bb2 47. Rc2 Ba3
48. Qxd5 Bxb4 49. Rxf5 1-0

[Event "C.to Regionale Piemonte"]
[Site "Torino ITA"]
[Date "2008.04.22"]
[Round "3"]
[White "Gallucci, Alessio"]
[Black "Moncelli, Giorgio"]
[Result "0-1"]
[WhiteElo "2175"]
[BlackElo "2099"]
[PlyCount "58"]
[EventDate "2008.04.20"]

1. e4 c5 2. Nf3 Nc6 3. d4 cxd4 4. Nxd4 g6 5. c4 Bg7 6. Be3 Nf6 7. Nc3 Ng4 8.
Qxg4 Nxd4 9. O-O-O Ne6 10. f4 Qa5 11. Rd5 b5 12. Rxb5 Qa6 13. e5 O-O 14. Nd5
Qxa2 15. f5 Ba6 16. Nxe7+ Kh8 17. fxg6 fxg6 18. Bd3 Rfc8 19. Nxg6+ hxg6 20.
Qxg6 Nf8 21. Qh5+ Kg8 22. e6 dxe6 23. Rf1 Rxc4+ 24. Kd2 Rc7 25. Bc5 Rxc5 26.
Rxf8+ Kxf8 27. Qxc5+ Kg8 28. Bc4 Rd8+ 29. Ke1 Qb1+ 0-1

[Event "C.to Regionale Piemonte"]
[Site "Torino ITA"]
[Date "2008.04.22"]
[Round "3"]
[White "Gussone, Claudio"]
[Black "Boetto, Massimo"]
[Result "0-1"]
[WhiteElo "1853"]
[BlackElo "2022"]
[PlyCount "64"]
[EventDate "2008.04.20"]

1. d4 Nf6 2. c4 g6 3. Nc3 Bg7 4. b3 O-O 5. Bb2 d6 6. g3 Nbd7 7. Bg2 e5 8. dxe5
Nxe5 9. h3 Re8 10. Qd2 h5 11. f4 Ned7 12. Nf3 Nc5 13. Ng5 Bf5 14. O-O a5 15.
Rae1 Nfe4 16. Ncxe4 Nxe4 17. Nxe4 Bxe4 18. Bxg7 Kxg7 19. Bxe4 Rxe4 20. Qd5 Qe7
21. Qxb7 Re8 22. Rf2 Qf6 23. Qd5 Qc3 24. Ref1 Qxg3+ 25. Rg2 Qe3+ 26. Kh2 Rxf4
27. Rfg1 Qe5 28. Qxe5+ Rxe5 29. Rd1 Rfe4 30. Rd2 g5 31. Rf2 f5 32. Rc2 Kg6 0-1

[Event "C.to Regionale Piemonte"]
[Site "Torino ITA"]
[Date "2008.04.22"]
[Round "3"]
[White "Leoni, Alessandro"]
[Black "Zunino, Davide"]
[Result "1/2-1/2"]
[WhiteElo "1897"]
[BlackElo "1986"]
[PlyCount "41"]
[EventDate "2008.04.20"]

1. e4 e5 2. Nf3 Nc6 3. Bb5 Nd4 4. Nxd4 exd4 5. O-O Bc5 6. d3 c6 7. Bc4 d5 8.
exd5 cxd5 9. Bb5+ Kf8 10. Re1 Be6 11. Ba4 Qf6 12. Nd2 Ne7 13. Nf3 Bg4 14. Bg5
Bxf3 15. Bxf6 Bxd1 16. Bxe7+ Bxe7 17. Raxd1 Bf6 18. Re2 g6 19. Rde1 Kg7 20. g3
Rhd8 21. Bb3 1/2-1/2

[Event "C.to Regionale Piemonte"]
[Site "Torino ITA"]
[Date "2008.04.22"]
[Round "3"]
[White "Malano, Francesco"]
[Black "Sola, Giuseppe"]
[Result "1/2-1/2"]
[WhiteElo "1939"]
[BlackElo "1989"]
[PlyCount "70"]
[EventDate "2008.04.20"]

1. Nf3 c6 2. c4 Nf6 3. Nc3 d5 4. cxd5 cxd5 5. d4 e6 6. Bf4 a6 7. e3 Be7 8. h3
O-O 9. Bd3 Nbd7 10. O-O Nb6 11. Ne5 Bd7 12. Rc1 Rc8 13. Qe2 Na4 14. Nxa4 Bxa4
15. b3 Bd7 16. Qb2 Qa5 17. Nxd7 Nxd7 18. Rxc8 Rxc8 19. Rc1 Qd8 20. Rxc8 Qxc8
21. Qc2 Qxc2 22. Bxc2 Kf8 23. Kf1 g6 24. Ke2 Nb6 25. f3 Ke8 26. Kd3 Kd7 27. e4
dxe4+ 28. fxe4 f5 29. exf5 gxf5 30. Bd2 Nd5 31. g4 b5 32. Ke2 fxg4 33. hxg4 Bf6
34. Bxh7 Bxd4 35. Bd3 Nc3+ 1/2-1/2

[Event "C.to Regionale Piemonte"]
[Site "Torino ITA"]
[Date "2008.04.22"]
[Round "3"]
[White "Marvin, Elio"]
[Black "Rasulo, Stefano"]
[Result "0-1"]
[WhiteElo "1822"]
[BlackElo "1614"]
[PlyCount "88"]
[EventDate "2008.04.20"]

1. e4 e6 2. d4 d5 3. e5 c5 4. c3 Qb6 5. Nf3 Bd7 6. Be2 cxd4 7. cxd4 Bb5 8. O-O
Bxe2 9. Qxe2 Nc6 10. Nc3 Nge7 11. Qd1 Nf5 12. Ne2 Be7 13. a3 O-O 14. b4 Rfc8
15. Qd3 Bf8 16. Rd1 g6 17. h4 Qd8 18. g3 Rc7 19. Bd2 Rac8 20. h5 gxh5 21. Kg2
f6 22. Rh1 fxe5 23. dxe5 Qe8 24. Nf4 Bh6 25. Nxh5 Qg6 26. Nf6+ Kf7 27. Qb1 Bxd2
28. Rxh7+ Ng7 29. Qxg6+ Kxg6 30. Rah1 Nxe5 31. Nxe5+ Kxf6 32. f4 Kf5 33. Nf3
Be3 34. R1h6 d4 35. Nh4+ Ke4 36. Rg6 Rg8 37. Rg5 d3 38. Re5+ Kd4 39. Nf3+ Kc3
40. Rxe3 Rd8 41. Ne5 Kc2 42. Kf3 d2 43. Rh2 Nf5 44. Re1 Rc3+ 0-1

[Event "C.to Regionale Piemonte"]
[Site "Torino ITA"]
[Date "2008.04.22"]
[Round "3"]
[White "Militello, Michele"]
[Black "Martin, Tiziano"]
[Result "0-1"]
[WhiteElo "1893"]
[BlackElo "1977"]
[PlyCount "72"]
[EventDate "2008.04.20"]

1. d4 d5 2. c4 e6 3. Nf3 Nf6 4. Bg5 Nbd7 5. cxd5 exd5 6. Nc3 Be7 7. e3 O-O 8.
Bd3 c6 9. O-O Ne4 10. Bxe7 Qxe7 11. Qc2 f5 12. a3 g5 13. Nd2 g4 14. Rfe1 Qh4
15. g3 Qh5 16. Ncxe4 fxe4 17. Bf1 Rf6 18. Bg2 Rh6 19. Nf1 Nf8 20. Qc5 Bd7 21.
b4 b6 22. Qc2 Ne6 23. Qe2 Ng5 24. h4 gxh3 25. Qxh5 Rxh5 26. Bh1 h2+ 27. Nxh2
Rf8 28. Re2 Rf6 29. Bg2 Rfh6 30. f4 exf3 31. Nxf3 Bg4 32. Rf1 Nxf3+ 33. Bxf3
Bxf3 34. Ree1 Be4 35. g4 Rh2 36. g5 Rg2# 0-1

[Event "C.to Regionale Piemonte"]
[Site "Torino ITA"]
[Date "2008.04.22"]
[Round "3"]
[White "Sattanino, Andrea"]
[Black "Finocchiaro, Gianluca"]
[Result "1/2-1/2"]
[WhiteElo "1840"]
[BlackElo "1991"]
[PlyCount "49"]
[EventDate "2008.04.20"]

1. d4 Nf6 2. c4 g6 3. Nc3 d5 4. cxd5 Nxd5 5. e4 Nxc3 6. bxc3 Bg7 7. Bc4 c5 8.
Be3 O-O 9. Ne2 Nc6 10. a3 Bg4 11. f3 Na5 12. Ba2 Bd7 13. O-O cxd4 14. cxd4 Bb5
15. Re1 Nc6 16. Rb1 Bxe2 17. Rxe2 Bxd4 18. Bxd4 Qxd4+ 19. Qxd4 Nxd4 20. Rd2
Rad8 21. Rbd1 Nc6 22. Bd5 e6 23. Bxc6 Rxd2 24. Rxd2 bxc6 25. Rd7 1/2-1/2

[Event "C.to Regionale Piemonte"]
[Site "Torino ITA"]
[Date "2008.04.22"]
[Round "3"]
[White "Tallarico, Pierfrancesco"]
[Black "Medaglia, Enzo"]
[Result "1-0"]
[WhiteElo "1882"]
[BlackElo "1820"]
[PlyCount "53"]
[EventDate "2008.04.20"]

1. c4 f5 2. Nc3 Nf6 3. Nf3 e6 4. g3 Be7 5. Bg2 d6 6. d4 O-O 7. O-O c6 8. b4 d5
9. c5 Qe8 10. a4 h6 11. Bf4 g5 12. Bxb8 Rxb8 13. Ne5 Nd7 14. Nxd7 Bxd7 15. e3
Bf6 16. f4 Qg6 17. Kh1 b6 18. Rb1 Kf7 19. Qd3 Rb7 20. cxb6 axb6 21. b5 c5 22.
Nxd5 Rbb8 23. Nxf6 Qxf6 24. dxc5 Rfd8 25. Qd4 Qe7 26. Qd6 Qf6 27. c6 1-0

[Event "C.to Regionale Piemonte"]
[Site "Torino ITA"]
[Date "2008.04.22"]
[Round "3"]
[White "Trusso Cafarello, Sebastiano"]
[Black "Loccisano, Giuseppe"]
[Result "1/2-1/2"]
[WhiteElo "1521"]
[BlackElo "1700"]
[PlyCount "69"]
[EventDate "2008.04.20"]

1. e4 e6 2. d4 d5 3. Nc3 Nf6 4. Bg5 dxe4 5. Nxe4 Be7 6. Bd3 Nbd7 7. Qe2 Nxe4 8.
Bxe7 Qxe7 9. Qxe4 Nf6 10. Qe2 O-O 11. Nf3 b6 12. c3 Bb7 13. O-O c5 14. dxc5
Qxc5 15. Ne5 Rfd8 16. Rad1 Qc7 17. Rd2 Nd7 18. Bxh7+ Kf8 19. Nxd7+ Rxd7 20.
Rxd7 Qxd7 21. Rd1 Qc6 22. f3 Qc5+ 23. Kh1 g6 24. Bxg6 fxg6 25. Qxe6 Qf5 26.
Qd6+ Kg8 27. Qe7 Bxf3 28. Rd8+ Rxd8 29. Qxd8+ Kg7 30. Qe7+ Kh6 31. gxf3 Qxf3+
32. Kg1 Qd1+ 33. Kf2 Qc2+ 34. Qe2 Qf5+ 35. Ke3 1/2-1/2

[Event "C.to Regionale Piemonte"]
[Site "Torino ITA"]
[Date "2008.04.23"]
[Round "4"]
[White "Angioni, Gian Carlo"]
[Black "Fittante, Giuliana"]
[Result "1/2-1/2"]
[WhiteElo "1825"]
[BlackElo "1854"]
[PlyCount "112"]
[EventDate "2008.04.20"]

1. e4 e5 2. Bc4 Nf6 3. d3 Nc6 4. Nf3 d6 5. O-O Be7 6. c3 Bg4 7. Bb3 Qd7 8. Nbd2
a6 9. Re1 b5 10. Nf1 Na5 11. Bc2 Nb7 12. Ne3 Bh5 13. Nf5 O-O 14. d4 Rfe8 15.
Bg5 exd4 16. cxd4 Bg4 17. Ne3 Bh5 18. h3 Qc8 19. Nf5 Bd8 20. Qd3 Bg6 21. N5h4
Nh5 22. Bd2 Bxh4 23. Nxh4 Nd8 24. Nxg6 hxg6 25. Qf3 Ne6 26. Be3 Qd8 27. g4 Nf6
28. e5 dxe5 29. dxe5 Nh7 30. Rad1 Qh4 31. Kh2 Rad8 32. Qg2 c5 33. f4 Nd4 34.
Bb1 Nf8 35. b4 Nfe6 36. bxc5 Nc6 37. Qxc6 Nxf4 38. Bxf4 Qf2+ 39. Kh1 Qxf4 40.
e6 Rxd1 41. exf7+ Qxf7 42. Rxd1 Re6 43. Qg2 Qe7 44. Qd5 Kh7 45. Qh5+ Kg8 46.
Bxg6 Re1+ 47. Rxe1 Qxe1+ 48. Kg2 Qe2+ 49. Kg3 Qe1+ 50. Kf4 Qf2+ 51. Ke4 Qc2+
52. Ke3 Qc1+ 53. Kd4 Qc4+ 54. Ke3 Qc1+ 55. Ke2 Qc4+ 56. Ke3 Qc1+ 1/2-1/2